Charta aktívnej rozvojovej pomoci a spolupráce Slovenskej republiky

Bibliographic Details
Format: Article
Language:Slovak
ISSN:1210-1583
Subjects:

MARC

LEADER 00000nab a2200000 a 4500
001 vtls000740915
003 SK-MaSNL
005 20260304111439.0
008 250429c2000 xo 0 slo
015 |a SNBRB2000/12-29883 
035 |a CLN000092758 
035 |a urn:nbn:sk:snk-ab7cyh 
035 |a (uuid)2457e90e-7a7f-4227-9b0f-0458e5685829 
035 |a (urnnbn)urn:nbn:sk:snk:ar-a07kg7 
035 |a (sysno)vtls000740915 
040 |a SNKBUCL  |b slo  |c SNKBUCL  |e AACR2 
041 0 |a slo 
044 |a xo  |c SK 
080 |a 339.96(437.6)  |2 1997 
245 0 0 |a Charta aktívnej rozvojovej pomoci a spolupráce Slovenskej republiky 
246 1 1 |a Charter of the official development assistance and cooperation of the Slovak Republic 
500 |a Súbežný text angl. 
630 0 7 |a Charta aktívnej rozvojovej pomoci a spolupráce Slovenskej republiky  |2 snkbucl  |9 1411737 
650 0 7 |a rozvojová pomoc  |z Slovensko  |x charta  |2 snkbucl  |9 19655 
655 7 |a články z novín a časopisov  |2 snkbucl  |9 267496 
773 0 |t Medzinárodné otázky  |g Roč. 9, č. 2 (2000), s. 114-116  |x 1210-1583 
850 |a Slovenská národná knižnica 
852 |a Slovenská národná knižnica 
954 |a odborná, vedecká literatúra pôvodná (slovenská)  |2 lita 
958 |a article2022 
958 |a OND 
958 |a SK 
958 |a EUIPO 
999 |c 2862467  |d 2864397